000 00372nam a2200145Ia 4500
008 090124s9999 xx 000 0 und d
082 _b303449
245 _a मणिकांचन
250 _a1
260 _bकर्णिक हेमन
_c1997
300 _a232
630 _a मणिकांचन
730 _a मणिकांचन
942 _cBOOK
999 _c193086
_d193086